00883nam a2200253 a 450000100100000000500170001000800410002702000180006804100090008604300120009510000310010724501190013825000120025726000420026930000370031150000490034865000300039765000340042765000410046165000310050265000300053370000320056370000340059500007977020200120224333.0150811s2013 ag a b | 000 j spa d a97898718017010 a+spa ae-it---1 aMattiangeli, Susanad1971-10aCómo funciona la maestra /cSusana Mattiangeli ; ilustrado por : Chiara Carrer ; traducido por : Vanna Andreini. a1a. ed. aBuenos Aires :bCalibroscopio,c2013. a[26] p :bilustraciones a color. aTítulo original : Come funziona la maestra14aCuento infantil italiano.24aLiteratura infantil italiana.24aMujeres profesoras en la literatura.24aEscuelas en la literatura.24aNiños en la literatura.1 aCarrer, Chiaraeilustrador. aAndreini, Vanna,etraductora.